| 000 | 00000nam 2200000zi 4500 |
| 001 | 9.947540 |
| 003 | CaOODSP |
| 005 | 20250129145505 |
| 006 | m o d f |
| 007 | cr |n |||||||| |
| 008 | 250129e200909 onc or f00| 0|fre d |
| 020 | |z9780660645261 |
| 040 | |aCaOODSP|bfre|erda|cCaOODSP |
| 041 | |afre|aeng |
| 043 | |an-cn-on |
| 086 | 1 |aSE3-10/4-2009-PDF|zSE3-10/4-2009 |
| 245 | 00|aStreet index : |bOntario East and North = Indicateur des rues : Ontario-Est et Ontario-Nord. |
| 246 | 11|aIndicateur des rues : |bOntario-Est et Ontario-Nord |
| 264 | 1|aOttawa (Ontario) : |bÉlections Canada, |cseptembre 2009. |
| 264 | 4|c©2009 |
| 300 | |a1 ressource en ligne (172 pages) |
| 336 | |atexte|btxt|2rdacontent/fre |
| 337 | |ainformatique|bc|2rdamedia/fre |
| 338 | |aressource en ligne|bcr|2rdacarrier/fre |
| 500 | |aÉdition numérisée de l'imprimée [par Direction des publications du Gouvernement du Canada]. |
| 500 | |a« Ottawa, Grand Sudbury, Thunder Bay. » |
| 546 | |aTexte en français et en anglais. |
| 650 | 6|aCirconscriptions électorales|zOntario|vRépertoires. |
| 655 | 7|aRépertoires|2rvmgf |
| 710 | 2 |aÉlections Canada, |eorganisme de publication. |
| 791 | |tStreet index : |eeng|w(CaOODSP)9.947537 |
| 856 | 40|qPDF|s13.2 Mo|uhttps://publications.gc.ca/collections/collection_2025/elections/SE3-10-4-2009.pdf |